<?xml version="1.0" encoding="UTF-8"?>
<record
    xmlns:xsi="http://www.w3.org/2001/XMLSchema-instance"
    xsi:schemaLocation="http://www.loc.gov/MARC21/slim http://www.loc.gov/standards/marcxml/schema/MARC21slim.xsd"
    xmlns="http://www.loc.gov/MARC21/slim">

  <leader>00873nam a22002297a 4500</leader>
  <controlfield tag="005">20240530110603.0</controlfield>
  <controlfield tag="008">161016s2014    ua a   g b    000 0dara d</controlfield>
  <datafield tag="017" ind1=" " ind2=" ">
    <subfield code="a">2013/14309</subfield>
    <subfield code="b">&#x645;&#x635;&#x631;. &#x62F;&#x627;&#x631; &#x627;&#x644;&#x643;&#x62A;&#x628;</subfield>
  </datafield>
  <datafield tag="020" ind1=" " ind2=" ">
    <subfield code="a">9789772766345</subfield>
  </datafield>
  <datafield tag="040" ind1=" " ind2=" ">
    <subfield code="a">EG-CaGPL</subfield>
    <subfield code="c">EG-CaGPL</subfield>
  </datafield>
  <datafield tag="082" ind1="0" ind2="4">
    <subfield code="2">21</subfield>
    <subfield code="a">909.07\</subfield>
    <subfield code="b">&#x64A; &#x62F;</subfield>
  </datafield>
  <datafield tag="100" ind1="0" ind2=" ">
    <subfield code="a">&#x64A;&#x627;&#x633;&#x631; &#x639;&#x628;&#x62F;&#x627;&#x644;&#x648;&#x647;&#x627;&#x628; .</subfield>
  </datafield>
  <datafield tag="245" ind1="1" ind2="2">
    <subfield code="a">&#x627;&#x644;&#x62F;&#x639;&#x645; &#x627;&#x644;&#x627;&#x648;&#x631;&#x648;&#x628;&#x649; &#x644;&#x644;&#x627;&#x645;&#x627;&#x631;&#x627;&#x62A; &#x627;&#x644;&#x635;&#x644;&#x64A;&#x628;&#x64A;&#x629; &#x641;&#x649; &#x628;&#x644;&#x627;&#x62F; &#x627;&#x644;&#x634;&#x627;&#x645; /</subfield>
    <subfield code="c">&#x64A;&#x627;&#x633;&#x631; &#x639;&#x628;&#x62F;&#x627;&#x644;&#x648;&#x647;&#x627;&#x628; .</subfield>
  </datafield>
  <datafield tag="250" ind1=" " ind2=" ">
    <subfield code="a">&#x637;1.</subfield>
  </datafield>
  <datafield tag="260" ind1=" " ind2=" ">
    <subfield code="a">&#x627;&#x644;&#x642;&#x627;&#x647;&#x631;&#x629; :</subfield>
    <subfield code="b">&#x627;&#x644;&#x645;&#x643;&#x62A;&#x628; &#x627;&#x644;&#x639;&#x631;&#x628;&#x649; &#x644;&#x644;&#x645;&#x639;&#x627;&#x631;&#x641; &#x60C;</subfield>
    <subfield code="c">2014 .</subfield>
  </datafield>
  <datafield tag="300" ind1=" " ind2=" ">
    <subfield code="a">309 &#x635; :</subfield>
    <subfield code="b">&#x627;&#x64A;&#x636; &#x61B;</subfield>
    <subfield code="c">24 &#x633;&#x645; .</subfield>
  </datafield>
  <datafield tag="504" ind1=" " ind2=" ">
    <subfield code="a">&#x628;&#x628;&#x644;&#x64A;&#x648;&#x62C;&#x631;&#x627;&#x641;&#x64A;&#x629; : &#x635; 263 - 306</subfield>
  </datafield>
  <datafield tag="650" ind1="0" ind2="7">
    <subfield code="2">qrmak</subfield>
    <subfield code="a">&#x627;&#x644;&#x62D;&#x631;&#x648;&#x628; &#x627;&#x644;&#x635;&#x644;&#x64A;&#x628;&#x64A;&#x629; .</subfield>
  </datafield>
  <datafield tag="650" ind1="0" ind2="7">
    <subfield code="a">&#x627;&#x644;&#x62D;&#x631;&#x648;&#x628; &#x627;&#x644;&#x635;&#x644;&#x64A;&#x628;&#x64A;&#x629;</subfield>
    <subfield code="y">&#x627;&#x644;&#x639;&#x635;&#x648;&#x631; &#x627;&#x644;&#x648;&#x633;&#x637;&#x649; .</subfield>
  </datafield>
  <datafield tag="942" ind1=" " ind2=" ">
    <subfield code="2">ddc</subfield>
    <subfield code="c">BK</subfield>
  </datafield>
  <datafield tag="999" ind1=" " ind2=" ">
    <subfield code="c">62707</subfield>
    <subfield code="d">62707</subfield>
  </datafield>
  <datafield tag="952" ind1=" " ind2=" ">
    <subfield code="0">0</subfield>
    <subfield code="1">0</subfield>
    <subfield code="4">0</subfield>
    <subfield code="7">0</subfield>
    <subfield code="a">CAI</subfield>
    <subfield code="b">CAI</subfield>
    <subfield code="c">MAIN-LIBRARY</subfield>
    <subfield code="d">2016-10-25</subfield>
    <subfield code="l">0</subfield>
    <subfield code="o">909.07\ &#x64A; &#x62F;</subfield>
    <subfield code="p">162536</subfield>
    <subfield code="r">2016-10-25 00:00:00</subfield>
    <subfield code="w">2016-10-25</subfield>
    <subfield code="y">BK</subfield>
  </datafield>
</record>
